Campaign India (Record no. 69383)

MARC details
000 -LEADER
fixed length control field 00682nas a22001937a 4500
005 - DATE AND TIME OF LATEST TRANSACTION
control field 20120828102336.0
006 - FIXED-LENGTH DATA ELEMENTS--ADDITIONAL MATERIAL CHARACTERISTICS--GENERAL INFORMATION
fixed length control field a|||||r|||||00| 0
007 - PHYSICAL DESCRIPTION FIXED FIELD--GENERAL INFORMATION
fixed length control field ta
008 - FIXED-LENGTH DATA ELEMENTS--GENERAL INFORMATION
fixed length control field 120828c xxu||||| |||| 00| 0 eng d
245 ## - TITLE STATEMENT
Title Campaign India
Statement of responsibility, etc edited by Gokul Krishnamurthy
260 ## - PUBLICATION, DISTRIBUTION, ETC. (IMPRINT)
Place of publication, distribution, etc Mumbai
Name of publisher, distributor, etc Haymarket India,
Date of publication, distribution, etc 2012-
300 ## - PHYSICAL DESCRIPTION
Extent v.
Dimensions 36 cm (Pbk)
310 ## - CURRENT PUBLICATION FREQUENCY
Current publication frequency Bi-weekly
700 ## - ADDED ENTRY--PERSONAL NAME
Personal name Krishnamurthy, Gokul
9 (RLIN) 51595
856 ## - ELECTRONIC LOCATION AND ACCESS
Uniform Resource Identifier <a href="http://www.campaignindia.in/Magazine/Default.aspx">http://www.campaignindia.in/Magazine/Default.aspx</a>
270 ## - ADDRESS
Address 85, Post Office Lane, Off Dr. Ambedkar Road,
City Mumbai
Postal code 400012
Telephone number 022-43025000
Electronic mail address campaign@campaignindia.in
942 ## - ADDED ENTRY ELEMENTS (KOHA)
Source of classification or shelving scheme Dewey Decimal Classification
Item type Periodicals
Serial record 1
Holdings
Withdrawn status Lost status Source of classification or shelving scheme Damaged status Not for loan Collection code Home library Current library Date acquired Total Checkouts Date last seen Price effective from Koha item type
    Dewey Decimal Classification   Not For Loan Non-fiction D.B.Act.Division D.B.Act.Division 28/08/2012   28/08/2012 28/08/2012 Periodicals

© Delhi Public Library
Hit Counter
free hit counter